Grandes corrientes del derecho penal : (Registro nro. 30227)

Detalles MARC
000 -CABECERA
Longitud fija campo de control 01232nam a2200265 a 4500
003 - • IDENTIFICADOR DELl NÚMERO DE CONTROL
Identificador del número de control CO-ViMGA
008 - • CÓDIGOS DE INFORMACIÓN DE LONGITUD FIJA
Códigos de información de longitud fija 141112s2004 ck r 000 u spa d
020 ## - • NÚMERO INTERNACIONAL NORMALIZADO PARA LIBROS
Número Internacional Normalizado para Libros (ISBN) 9583503789
040 ## - FUENTE DE LA CATALOGACIÓN
Centro catalogador de origen CO-ViMGA
Lengua de catalogación spa
Centro transcriptor CO-ViMGA
082 04 - • NÚMERO DE LA CLASIFICACIÓN DECIMAL DEWEY
Número de clasificación (R) 345 A483g
100 1# - • PUNTO DE ACCESO PRINCIPAL-NOMBRE DE PERSONA
Nombre de persona Agudelo Betancurt, Nódier
245 10 - • TITULO PROPIAMENTE DICHO
Título Grandes corrientes del derecho penal :
Resto del título Escuela positivista (Introducción a la lectura de Cesar Lombroso, Rafael garofalo y Enrico Ferri)
250 ## - • MENCIÓN DE EDICIÓN
Mención de edición 7
300 ## - • DESCRIPCIÓN FÍSICA
Extensión 87
505 ## - • NOTA DE CONTENIDO CON FORMATO
Nota de contenido con formato Postulados fundamentales de la escuela positivista 3 - - Representantes de la escuela positivista y proyección de dicha escuela 45 - - Guía para el control de lecturas sobre la escuela positivista 79
590 ## - NOTAS LOCALES
Nota local Forma de adquisición : Donación fact. 8854 - - Precio : 10000 - - Proveedor : Fundación exito - - Fecha de adquisición : Junio 2007
650 14 - • PUNTO DE ACCESO ADICIONAL DE MATERIA - TÉRMINO DE MATERIA
Término de materia o nombre geográfico como elemento inicial DERECHO PENAL - HISTORIA
650 14 - • PUNTO DE ACCESO ADICIONAL DE MATERIA - TÉRMINO DE MATERIA
Término de materia o nombre geográfico como elemento inicial ESCUELAS DEL DERECHO PENAL
650 14 - • PUNTO DE ACCESO ADICIONAL DE MATERIA - TÉRMINO DE MATERIA
Término de materia o nombre geográfico como elemento inicial FERRI, 1856 - 1929 - CRITICA E INTERPRETACION
650 14 - • PUNTO DE ACCESO ADICIONAL DE MATERIA - TÉRMINO DE MATERIA
Término de materia o nombre geográfico como elemento inicial GAROFALO, 1851 - 1934 - CRITICA E INTERPRETACION
650 14 - • PUNTO DE ACCESO ADICIONAL DE MATERIA - TÉRMINO DE MATERIA
Término de materia o nombre geográfico como elemento inicial LOMBROSO, 1835 - 1909 - CRITICA E INTERPRETACION
942 ## - ENTRADA DE ELEMENTOS AGREGADOS (KOHA)
Fuente de clasificaión o esquema Dewey Decimal Classification
Koha [por defecto] tipo de item LIbro
Existencias
Perdido Fuente de clasificación o esquema Estado Físico No para préstamo Forma de adquisición Localización permanente Localización actual Fecha adquisición Serie de enumeración / cronolog&íacute;a Préstamos totales Signatura completa Código de barras Fecha última consulta Fecha último préstamo Número de copia Fecha del precio de reemplazo Tipo de item de Koha
  Dewey Decimal Classification     Sala Especializada Tercer Piso Biblioteca Pública Germán Arciniegas - Villavicencio Biblioteca Pública Germán Arciniegas - Villavicencio 12/04/2015 11/jun/2009 1 345 A483g 21663 04/10/2025 02/27/2025 Ej. 1 12/04/2015 LIbro









Instituto Departamental de Cultura del Meta - Red Departamental de Bibliotecas Públicas del Meta.